WWE facts quiz - Statistics

General Stats
  • This quiz has been taken 416 times
  • The average score is 10 of 15
Answer Stats
Hint Answer % Correct
Who was the first superstar to hold the US title and the WHC title at the same time? Seth
92%
Who broke The Undertakers streak? Brock Lesnar
91%
Who is on the WWE 2K15 cover? John Cena
87%
Who won the 2015 Royal Rumble? Roman Reigns
87%
Who won the 2016 Royal Rumble? Triple H
83%
Who betrayed his brothers in The Shield? Seth Rollins
80%
Who beat Andre The Giant for the first time ever? Hulk Hogan
77%
Who cashed in MiTB when Roman Reigns was champion? Sheamus
76%
Who did Roman Reigns beat for his first WWE WHC title? Dean Ambrose
69%
Who was Seth Rollins against when he got injured? Kane
55%
Which finisher got banned in 2015? Curb Stomp
53%
Who wo[n the WWE WHC title in Royal Rumble 2016? HHH
52%
Who is on the WWE 2K16 cover? Stone Cold Steve Austin
50%
What does RKO stand for? Randal Keith Orton
31%
Who has held the WWE WHC title the most times? Ric Flare
3%
No matching quizzes found
Score Distribution
Percent of People with Each Score
Percentile by Number Answered
Your Score History
You have not taken this quiz